[Event "DEM U16w 2018"]
[Site "Willingen GER"]
[Date "2018.05.21"]
[Round "3"]
[White "Berelowitsch, Dana"]
[Black "Puls, Luisa"]
[Result "1-0"]
[Termination "normal"]
[Board "10"]
[WhiteElo "1698"]
[BlackElo "1408"]
[WhiteClock "00:21:49"]
[BlackClock "00:07:47"]
[PlyCount "55"]
[WhiteFideId "12977144"]
[BlackFideId "16266005"]
[EventCountry "GER"]
[EventRounds "9"]
[EventType "swiss"]
[EventDate "2018.05.19"]

1. e4 {[%clk 1:30:58]} 1... c6 {[%clk 1:30:54]} 2. d4 {[%clk 1:31:24]} 2... d5
{[%clk 1:31:19]} 3. Nc3 {[%clk 1:31:49]} 3... dxe4 {[%clk 1:31:39]} 4. Nxe4 {
[%clk 1:32:14]} 4... Bf5 {[%clk 1:32:02]} 5. Ng3 {[%clk 1:32:39]} 5... Bg6 {
[%clk 1:32:24]} 6. h4 {[%clk 1:33:03]} 6... h6 {[%clk 1:32:39]} 7. Nf3 { [%clk
1:33:29]} 7... Nd7 {[%clk 1:32:48]} 8. h5 {[%clk 1:33:52]} 8... Bh7 { [%clk
1:33:07]} 9. Bd3 {[%clk 1:34:18]} 9... Bxd3 {[%clk 1:33:30]} 10. Qxd3 { [%clk
1:34:44]} 10... e6 {[%clk 1:33:38]} 11. Bd2 {[%clk 1:35:04]} 11... Qc7 { [%clk
1:32:53]} 12. O-O-O {[%clk 1:35:26]} 12... Ngf6 {[%clk 1:32:54]} 13. Qe2 {[%clk
1:35:38]} 13... Bd6 {[%clk 1:31:01]} 14. Nf5 {[%clk 1:35:38]} 14... O-O-O
{[%clk 1:19:39]} 15. Nxd6+ {[%clk 1:34:15]} 15... Qxd6 {[%clk 1:19:48]} 16. Ne5
{[%clk 1:33:47]} 16... Qe7 {[%clk 1:06:52]} 17. Bf4 {[%clk 1:11:18]} 17... Nxe5
{[%clk 0:30:33]} 18. Qxe5 {[%clk 1:11:15]} 18... Kd7 {[%clk 0:30:30] } 19. f3
{[%clk 1:00:58]} 19... Nd5 {[%clk 0:19:45]} 20. Bd2 {[%clk 0:56:37]} 20... Qf6
{[%clk 0:17:52]} 21. Qe2 {[%clk 0:53:12]} 21... Rhe8 {[%clk 0:15:31]} 22. c4
{[%clk 0:46:58]} 22... Ne7 {[%clk 0:13:30]} 23. g4 {[%clk 0:44:32]} 23... Kc8
{[%clk 0:12:38]} 24. Be3 {[%clk 0:35:36]} 24... Kb8 {[%clk 0:12:05]} 25. Rhf1
{[%clk 0:32:03]} 25... Rc8 {[%clk 0:10:35]} 26. Kb1 {[%clk 0:25:51]} 26... e5
{[%clk 0:07:52]} 27. dxe5 {[%clk 0:22:10]} 27... Qxe5 {[%clk 0:07:47]} 28.
Bxa7+ {[%clk 0:21:49]} 1-0

[Event "DEM U16w 2018"]
[Site "Willingen GER"]
[Date "2018.05.22"]
[Round "4"]
[White "Schulze, Lara"]
[Black "Kobald, Jacqueline"]
[Result "0-1"]
[Termination "normal"]
[Board "1"]
[WhiteTitle "WFM"]
[WhiteElo "2184"]
[BlackElo "1692"]
[WhiteClock "00:19:37"]
[BlackClock "00:31:24"]
[PlyCount "82"]
[WhiteFideId "12956830"]
[BlackFideId "12988162"]
[EventCountry "GER"]
[EventRounds "9"]
[EventType "swiss"]
[EventDate "2018.05.19"]

1. e4 {[%clk 1:30:58]} 1... c5 {[%clk 1:30:54]} 2. Nf3 {[%clk 1:31:23]} 2... e6
{[%clk 1:31:14]} 3. d4 {[%clk 1:31:49]} 3... cxd4 {[%clk 1:31:40]} 4. Nxd4 {
[%clk 1:32:12]} 4... Nf6 {[%clk 1:31:57]} 5. Nc3 {[%clk 1:32:10]} 5... Nc6 {
[%clk 1:32:08]} 6. Ndb5 {[%clk 1:28:53]} 6... Bb4 {[%clk 1:30:31]} 7. a3 {
[%clk 1:29:11]} 7... Bxc3+ {[%clk 1:30:45]} 8. Nxc3 {[%clk 1:29:39]} 8... d5 {
[%clk 1:30:51]} 9. exd5 {[%clk 1:30:07]} 9... exd5 {[%clk 1:31:14]} 10. Bd3 {
[%clk 1:30:28]} 10... O-O {[%clk 1:31:31]} 11. O-O {[%clk 1:30:47]} 11... d4 {
[%clk 1:31:38]} 12. Ne2 {[%clk 1:30:57]} 12... Bg4 {[%clk 1:31:52]} 13. f3 {
[%clk 1:28:47]} 13... Bh5 {[%clk 1:31:56]} 14. Bg5 {[%clk 1:29:07]} 14... Bg6 {
[%clk 1:29:56]} 15. Bxg6 {[%clk 1:25:19]} 15... hxg6 {[%clk 1:30:07]} 16. Qd2 {
[%clk 1:24:10]} 16... Rc8 {[%clk 1:28:26]} 17. b4 {[%clk 1:06:09]} 17... b5 {
[%clk 1:09:21]} 18. Rfd1 {[%clk 0:50:32]} 18... Re8 {[%clk 0:54:29]} 19. Rac1 {
[%clk 0:46:12]} 19... Qd5 {[%clk 0:45:31]} 20. Bxf6 {[%clk 0:40:43]} 20... gxf6
{[%clk 0:44:13]} 21. c3 {[%clk 0:35:07]} 21... d3 {[%clk 0:33:40]} 22. Nf4 {
[%clk 0:35:02]} 22... Qg5 {[%clk 0:29:46]} 23. Nxd3 {[%clk 0:33:27]} 23... Qxd2
{[%clk 0:27:43]} 24. Rxd2 {[%clk 0:33:56]} 24... Red8 {[%clk 0:23:43]} 25. Rcd1
{[%clk 0:32:20]} 25... Ne5 {[%clk 0:22:49]} 26. Nc5 {[%clk 0:30:02]} 26... Rxd2
{[%clk 0:22:56]} 27. Rxd2 {[%clk 0:30:31]} 27... Nc4 {[%clk 0:21:19]} 28. Ra2 {
[%clk 0:29:04]} 28... a5 {[%clk 0:14:49]} 29. a4 {[%clk 0:27:52]} 29... axb4 {
[%clk 0:14:51]} 30. cxb4 {[%clk 0:28:19]} 30... bxa4 {[%clk 0:14:32]} 31. Rxa4
{[%clk 0:27:39]} 31... Nb6 {[%clk 0:13:34]} 32. Ra7 {[%clk 0:25:10]} 32... Nd5
{[%clk 0:13:06]} 33. Na6 {[%clk 0:22:51]} 33... Rc1+ {[%clk 0:09:20]} 34. Kf2 {
[%clk 0:23:20]} 34... Rb1 {[%clk 0:08:41]} 35. Rb7 {[%clk 0:22:03]} 35... Rb2+
{[%clk 0:08:23]} 36. Kg3 {[%clk 0:20:31]} 36... g5 {[%clk 0:06:39]} 37. b5 {
[%clk 0:13:08]} 37... Ne3 {[%clk 0:06:18]} 38. h4 {[%clk 0:01:39]} 38... Rxg2+
{[%clk 0:02:56]} 39. Kh3 {[%clk 0:02:08]} 39... Rb2 {[%clk 0:02:02]} 40. b6 {
[%clk 0:01:25]} 40... f5 {[%clk 0:01:33]} 41. hxg5 {[%clk 0:19:37]} 41... Nf1 {
[%clk 0:31:24]} 0-1

[Event "DEM U16w 2018"]
[Site "Willingen GER"]
[Date "2018.05.22"]
[Round "4"]
[White "Könze, Heike"]
[Black "Reitz, Theresa"]
[Result "1/2-1/2"]
[Termination "normal"]
[Board "2"]
[WhiteElo "1803"]
[BlackElo "1772"]
[WhiteClock "01:04:27"]
[BlackClock "00:14:48"]
[PlyCount "67"]
[WhiteFideId "12964476"]
[BlackFideId "12971901"]
[EventCountry "GER"]
[EventRounds "9"]
[EventType "swiss"]
[EventDate "2018.05.19"]

1. c4 {[%clk 1:30:57]} 1... e5 {[%clk 1:30:54]} 2. Nc3 {[%clk 1:31:15]} 2...
Nc6 {[%clk 1:31:16]} 3. g3 {[%clk 1:31:38]} 3... f5 {[%clk 1:31:40]} 4. d3 {
[%clk 1:31:45]} 4... Bb4 {[%clk 1:31:35]} 5. Bg2 {[%clk 1:31:35]} 5... Nf6 {
[%clk 1:30:49]} 6. Bg5 {[%clk 1:30:02]} 6... d6 {[%clk 1:25:02]} 7. e3 { [%clk
1:27:55]} 7... h6 {[%clk 1:19:48]} 8. Bxf6 {[%clk 1:28:15]} 8... Qxf6 { [%clk
1:20:01]} 9. Nge2 {[%clk 1:28:19]} 9... O-O {[%clk 1:19:43]} 10. a3 { [%clk
1:28:19]} 10... Bxc3+ {[%clk 1:19:53]} 11. Nxc3 {[%clk 1:28:18]} 11... f4
{[%clk 1:12:03]} 12. Nd5 {[%clk 1:26:54]} 12... Qf7 {[%clk 1:06:59]} 13. exf4 {
[%clk 1:25:33]} 13... Nd4 {[%clk 1:04:45]} 14. f5 {[%clk 1:20:25]} 14... c6 {
[%clk 0:59:40]} 15. Ne3 {[%clk 1:20:24]} 15... Nxf5 {[%clk 0:56:48]} 16. Nxf5 {
[%clk 1:20:00]} 16... Bxf5 {[%clk 0:57:04]} 17. O-O {[%clk 1:20:19]} 17... Qg6
{[%clk 0:55:09]} 18. Be4 {[%clk 1:17:20]} 18... Bxe4 {[%clk 0:49:45]} 19. dxe4
{[%clk 1:17:44]} 19... Qxe4 {[%clk 0:50:04]} 20. Qxd6 {[%clk 1:18:06]} 20...
Qxc4 {[%clk 0:49:44]} 21. Rae1 {[%clk 1:12:43]} 21... Rad8 {[%clk 0:44:29]} 22.
Qc7 {[%clk 1:12:07]} 22... Qb3 {[%clk 0:38:57]} 23. Qxe5 {[%clk 1:11:59]} 23...
Rd2 {[%clk 0:34:32]} 24. Re2 {[%clk 1:12:03]} 24... Rfd8 {[%clk 0:29:45]} 25.
Rxd2 {[%clk 1:12:25]} 25... Rxd2 {[%clk 0:30:12]} 26. Qe8+ {[%clk 1:12:45]}
26... Kh7 {[%clk 0:30:36]} 27. Qe4+ {[%clk 1:13:04]} 27... Kh8 {[%clk 0:30:53]}
28. Qe8+ {[%clk 1:13:22]} 28... Qg8 {[%clk 0:31:06]} 29. Qe5 {[%clk 1:13:36]}
29... Qd5 {[%clk 0:30:02]} 30. Qb8+ {[%clk 1:13:29]} 30... Kh7 {[%clk 0:27:19]}
31. Qxb7 {[%clk 1:13:51]} 31... a5 {[%clk 0:25:36]} 32. Qb6 {[%clk 1:11:08]}
32... a4 {[%clk 0:21:01]} 33. Re1 {[%clk 1:07:33]} 33... Rc2 {[%clk 0:14:48]}
34. Qb4 {[%clk 1:04:27]} 1/2-1/2

[Event "DEM U16w 2018"]
[Site "Willingen GER"]
[Date "2018.05.22"]
[Round "4"]
[White "Mönster, Madita"]
[Black "Bui, Ngoc Han Julia"]
[Result "1-0"]
[Termination "normal"]
[Board "3"]
[WhiteElo "1857"]
[BlackElo "1859"]
[WhiteClock "00:01:11"]
[BlackClock "00:00:36"]
[PlyCount "69"]
[WhiteFideId "12947156"]
[BlackFideId "12977055"]
[EventCountry "GER"]
[EventRounds "9"]
[EventType "swiss"]
[EventDate "2018.05.19"]

1. e4 {[%clk 1:30:56]} 1... e6 {[%clk 1:30:55]} 2. d4 {[%clk 1:31:09]} 2... d5
{[%clk 1:31:17]} 3. Nc3 {[%clk 1:31:15]} 3... Nf6 {[%clk 1:31:34]} 4. e5 {
[%clk 1:31:22]} 4... Nfd7 {[%clk 1:31:51]} 5. f4 {[%clk 1:31:26]} 5... c5 {
[%clk 1:32:05]} 6. Nce2 {[%clk 1:30:43]} 6... Nc6 {[%clk 1:22:22]} 7. Nf3 {
[%clk 1:30:41]} 7... b5 {[%clk 1:21:59]} 8. c3 {[%clk 1:25:39]} 8... b4 { [%clk
1:18:34]} 9. g3 {[%clk 1:17:22]} 9... Ba6 {[%clk 1:01:24]} 10. Bh3 { [%clk
0:52:08]} 10... Rc8 {[%clk 0:50:55]} 11. a3 {[%clk 0:38:41]} 11... bxa3 { [%clk
0:30:33]} 12. bxa3 {[%clk 0:37:44]} 12... Be7 {[%clk 0:26:27]} 13. O-O { [%clk
0:35:33]} 13... cxd4 {[%clk 0:10:55]} 14. cxd4 {[%clk 0:35:32]} 14... h6 {[%clk
0:09:02]} 15. f5 {[%clk 0:29:42]} 15... exf5 {[%clk 0:07:16]} 16. Bxf5 { [%clk
0:29:29]} 16... Rb8 {[%clk 0:04:26]} 17. e6 {[%clk 0:24:13]} 17... Nf6 { [%clk
0:03:16]} 18. Qc2 {[%clk 0:23:01]} 18... O-O {[%clk 0:01:50]} 19. exf7+ { [%clk
0:19:29]} 19... Kh8 {[%clk 0:02:13]} 20. Qxc6 {[%clk 0:16:06]} 20... Bxe2
{[%clk 0:02:33]} 21. Ne5 {[%clk 0:14:59]} 21... Bh5 {[%clk 0:02:09]} 22. g4 {
[%clk 0:11:32]} 22... Bxf7 {[%clk 0:01:58]} 23. Qc3 {[%clk 0:07:42]} 23... Qb6
{[%clk 0:01:19]} 24. g5 {[%clk 0:03:22]} 24... hxg5 {[%clk 0:00:47]} 25. Bxg5 {
[%clk 0:03:05]} 25... Qb3 {[%clk 0:00:42]} 26. Qd2 {[%clk 0:02:13]} 26... Kg8 {
[%clk 0:00:39]} 27. Bxf6 {[%clk 0:01:23]} 27... Bxf6 {[%clk 0:01:06]} 28. Nd7 {
[%clk 0:01:25]} 28... Qc4 {[%clk 0:00:54]} 29. Nxf6+ {[%clk 0:00:58]} 29... Kh8
{[%clk 0:00:36]} 30. Qf2 {[%clk 0:00:44]} 30... g5 {[%clk 0:00:38]} 31. Nd7 {
[%clk 0:00:39]} 31... Rfe8 {[%clk 0:00:33]} 32. Rfe1 {[%clk 0:00:33]} 32...
Rxe1+ {[%clk 0:00:32]} 33. Rxe1 {[%clk 0:00:58]} 33... Rd8 {[%clk 0:00:33]} 34.
Qe3 {[%clk 0:00:54]} 34... Rg8 {[%clk 0:00:36]} 35. Qh3+ {[%clk 0:01:11]} 1-0

[Event "DEM U16w 2018"]
[Site "Willingen GER"]
[Date "2018.05.22"]
[Round "4"]
[White "Voß, Henrike"]
[Black "Müdder, Melanie"]
[Result "0-1"]
[Termination "normal"]
[Board "4"]
[WhiteElo "1577"]
[BlackElo "1871"]
[WhiteClock "00:01:41"]
[BlackClock "00:02:47"]
[PlyCount "102"]
[WhiteFideId "12971910"]
[BlackFideId "12994103"]
[EventCountry "GER"]
[EventRounds "9"]
[EventType "swiss"]
[EventDate "2018.05.19"]

1. e4 {[%clk 1:30:57]} 1... c5 {[%clk 1:30:54]} 2. Nf3 {[%clk 1:31:18]} 2...
Nc6 {[%clk 1:31:16]} 3. Bb5 {[%clk 1:31:39]} 3... Nf6 {[%clk 1:31:32]} 4. e5 {
[%clk 1:31:44]} 4... Nd5 {[%clk 1:31:50]} 5. O-O {[%clk 1:31:18]} 5... Nc7 {
[%clk 1:32:01]} 6. Bxc6 {[%clk 1:31:09]} 6... dxc6 {[%clk 1:32:19]} 7. d3 {
[%clk 1:30:14]} 7... g6 {[%clk 1:31:43]} 8. Nc3 {[%clk 1:29:08]} 8... Bg7 {
[%clk 1:30:09]} 9. Ne4 {[%clk 1:27:06]} 9... b6 {[%clk 1:27:41]} 10. Re1 {
[%clk 1:26:51]} 10... O-O {[%clk 1:26:41]} 11. h3 {[%clk 1:26:11]} 11... Ne6 {
[%clk 1:23:24]} 12. c3 {[%clk 1:11:17]} 12... Qc7 {[%clk 1:17:51]} 13. Neg5 {
[%clk 1:07:29]} 13... Rd8 {[%clk 1:08:52]} 14. Qb3 {[%clk 0:45:50]} 14... Rd5 {
[%clk 0:39:12]} 15. d4 {[%clk 0:37:55]} 15... cxd4 {[%clk 0:33:27]} 16. cxd4 {
[%clk 0:37:35]} 16... h6 {[%clk 0:32:37]} 17. Nxe6 {[%clk 0:35:01]} 17... Bxe6
{[%clk 0:32:56]} 18. Qc3 {[%clk 0:34:37]} 18... Rc8 {[%clk 0:28:22]} 19. Be3 {
[%clk 0:31:14]} 19... Rd7 {[%clk 0:23:32]} 20. Rac1 {[%clk 0:25:51]} 20... Bd5
{[%clk 0:22:31]} 21. Nh2 {[%clk 0:23:31]} 21... c5 {[%clk 0:20:24]} 22. a3 {
[%clk 0:19:06]} 22... cxd4 {[%clk 0:18:03]} 23. Bxd4 {[%clk 0:15:48]} 23...
Qxc3 {[%clk 0:16:38]} 24. Rxc3 {[%clk 0:14:02]} 24... Rxc3 {[%clk 0:15:44]} 25.
Bxc3 {[%clk 0:14:26]} 25... Bb3 {[%clk 0:13:53]} 26. f4 {[%clk 0:11:08]} 26...
h5 {[%clk 0:12:03]} 27. Nf3 {[%clk 0:10:59]} 27... Bh6 {[%clk 0:10:27]} 28. g3
{[%clk 0:11:25]} 28... Rd3 {[%clk 0:09:35]} 29. Kf2 {[%clk 0:11:31]} 29... Be6
{[%clk 0:05:52]} 30. h4 {[%clk 0:11:19]} 30... Kf8 {[%clk 0:05:15]} 31. Nd4 {
[%clk 0:10:37]} 31... Bg4 {[%clk 0:04:48]} 32. e6 {[%clk 0:07:51]} 32... Bg7 {
[%clk 0:02:40]} 33. Nb5 {[%clk 0:05:03]} 33... Bxc3 {[%clk 0:02:27]} 34. Nxc3 {
[%clk 0:04:22]} 34... Bxe6 {[%clk 0:02:48]} 35. Rd1 {[%clk 0:03:27]} 35... Rxd1
{[%clk 0:03:00]} 36. Nxd1 {[%clk 0:03:53]} 36... Ke8 {[%clk 0:03:21]} 37. Nc3 {
[%clk 0:04:03]} 37... Kd7 {[%clk 0:03:05]} 38. Ke3 {[%clk 0:03:53]} 38... Kc6 {
[%clk 0:02:34]} 39. Kd4 {[%clk 0:03:54]} 39... Bf5 {[%clk 0:02:02]} 40. Ne4 {
[%clk 0:00:50]} 40... Bxe4 {[%clk 0:01:22]} 41. Kxe4 {[%clk 0:01:15]} 41... Kd6
{[%clk 0:01:15]} 42. b3 {[%clk 0:18:42]} 42... a6 {[%clk 0:23:19]} 43. a4 {
[%clk 0:10:43]} 43... f6 {[%clk 0:19:44]} 44. f5 {[%clk 0:08:05]} 44... gxf5+ {
[%clk 0:07:26]} 45. Kxf5 {[%clk 0:07:44]} 45... e5 {[%clk 0:05:11]} 46. g4 {
[%clk 0:06:24]} 46... hxg4 {[%clk 0:04:14]} 47. h5 {[%clk 0:04:23]} 47... Ke7 {
[%clk 0:03:10]} 48. Kxg4 {[%clk 0:04:29]} 48... Kf7 {[%clk 0:03:00]} 49. b4 {
[%clk 0:02:32]} 49... e4 {[%clk 0:02:45]} 50. Kf4 {[%clk 0:01:57]} 50... f5 {
[%clk 0:02:47]} 51. b5 {[%clk 0:01:41]} 51... axb5 {[%clk 0:02:47]} 0-1

[Event "DEM U16w 2018"]
[Site "Willingen GER"]
[Date "2018.05.22"]
[Round "4"]
[White "Wong, Kar Yan"]
[Black "Mundt, Alexandra"]
[Result "1/2-1/2"]
[Termination "normal"]
[Board "5"]
[WhiteElo "1746"]
[BlackElo "1578"]
[WhiteClock "00:20:05"]
[BlackClock "00:00:43"]
[PlyCount "143"]
[WhiteFideId "12971855"]
[BlackFideId "16217276"]
[EventCountry "GER"]
[EventRounds "9"]
[EventType "swiss"]
[EventDate "2018.05.19"]

1. Nf3 {[%clk 1:30:57]} 1... Nf6 {[%clk 1:30:54]} 2. g3 {[%clk 1:31:12]} 2...
g6 {[%clk 1:31:12]} 3. Bg2 {[%clk 1:31:35]} 3... Bg7 {[%clk 1:31:33]} 4. O-O {
[%clk 1:31:54]} 4... O-O {[%clk 1:31:56]} 5. d3 {[%clk 1:31:23]} 5... d5 {
[%clk 1:31:01]} 6. Nbd2 {[%clk 1:31:17]} 6... Nc6 {[%clk 1:30:05]} 7. c4 {
[%clk 1:26:21]} 7... d4 {[%clk 1:27:00]} 8. Rb1 {[%clk 1:25:47]} 8... a5 {
[%clk 1:25:24]} 9. a3 {[%clk 1:25:35]} 9... a4 {[%clk 1:25:01]} 10. b3 { [%clk
1:17:24]} 10... axb3 {[%clk 1:22:26]} 11. Nxb3 {[%clk 1:17:30]} 11... e5 {[%clk
1:21:51]} 12. Nfd2 {[%clk 1:17:13]} 12... Qe8 {[%clk 1:17:14]} 13. Qc2 { [%clk
1:00:07]} 13... Rb8 {[%clk 1:09:43]} 14. Nc5 {[%clk 0:55:56]} 14... b6 { [%clk
0:53:01]} 15. Qa4 {[%clk 0:46:28]} 15... Ne7 {[%clk 0:43:57]} 16. Qxe8 { [%clk
0:38:51]} 16... Rxe8 {[%clk 0:42:31]} 17. Ncb3 {[%clk 0:37:51]} 17... Bd7
{[%clk 0:38:15]} 18. Bb2 {[%clk 0:32:40]} 18... Bc6 {[%clk 0:33:26]} 19. Nf3 {
[%clk 0:28:34]} 19... Nd7 {[%clk 0:30:03]} 20. e3 {[%clk 0:27:50]} 20... dxe3 {
[%clk 0:23:42]} 21. fxe3 {[%clk 0:28:12]} 21... Nf5 {[%clk 0:19:16]} 22. Rfe1 {
[%clk 0:27:42]} 22... Bh6 {[%clk 0:15:42]} 23. e4 {[%clk 0:26:39]} 23... Ne3 {
[%clk 0:12:07]} 24. Bh3 {[%clk 0:25:22]} 24... f5 {[%clk 0:11:32]} 25. Bc1 {
[%clk 0:25:20]} 25... f4 {[%clk 0:06:36]} 26. gxf4 {[%clk 0:22:52]} 26... exf4
{[%clk 0:06:52]} 27. Bxe3 {[%clk 0:23:08]} 27... fxe3 {[%clk 0:07:12]} 28. Nbd4
{[%clk 0:23:33]} 28... Ba4 {[%clk 0:05:25]} 29. Rb4 {[%clk 0:23:24]} 29... Nc5
{[%clk 0:05:00]} 30. Rxa4 {[%clk 0:23:10]} 30... Nxa4 {[%clk 0:04:08]} 31. Bd7
{[%clk 0:23:36]} 31... Nc5 {[%clk 0:02:49]} 32. Bxe8 {[%clk 0:23:28]} 32...
Rxe8 {[%clk 0:03:18]} 33. Rd1 {[%clk 0:17:11]} 33... Ra8 {[%clk 0:02:18]} 34.
Nc2 {[%clk 0:14:51]} 34... Rd8 {[%clk 0:02:14]} 35. Nfd4 {[%clk 0:12:44]} 35...
Bg7 {[%clk 0:01:30]} 36. Nc6 {[%clk 0:09:26]} 36... Rd6 {[%clk 0:01:39]} 37.
Ne7+ {[%clk 0:09:27]} 37... Kf8 {[%clk 0:01:27]} 38. Nd5 {[%clk 0:09:46]} 38...
c6 {[%clk 0:01:04]} 39. Nxb6 {[%clk 0:09:33]} 39... Rxd3 {[%clk 0:00:55]} 40.
Rxd3 {[%clk 0:08:23]} 40... Nxd3 {[%clk 0:01:14]} 41. Kf1 {[%clk 0:08:49]}
41... Nf4 {[%clk 0:29:08]} 42. Nxe3 {[%clk 0:39:13]} 42... Bd4 {[%clk 0:29:31]}
43. Nd7+ {[%clk 0:39:37]} 43... Ke7 {[%clk 0:29:14]} 44. Nc2 {[%clk 0:40:04]}
44... Ba7 {[%clk 0:25:59]} 45. Ne5 {[%clk 0:40:23]} 45... Kd6 {[%clk 0:26:11]}
46. Nf3 {[%clk 0:40:30]} 46... Kc5 {[%clk 0:25:03]} 47. Nd2 {[%clk 0:34:32]}
47... Nd3 {[%clk 0:21:47]} 48. Ke2 {[%clk 0:34:06]} 48... Ne5 {[%clk 0:21:49]}
49. Ne3 {[%clk 0:34:09]} 49... Kd6 {[%clk 0:17:43]} 50. a4 {[%clk 0:33:08]}
50... Bb6 {[%clk 0:16:48]} 51. Nf3 {[%clk 0:33:11]} 51... Nd7 {[%clk 0:10:12]}
52. Ng4 {[%clk 0:31:23]} 52... Nc5 {[%clk 0:09:59]} 53. e5+ {[%clk 0:31:42]}
53... Ke7 {[%clk 0:10:09]} 54. Nd4 {[%clk 0:29:18]} 54... Nxa4 {[%clk 0:09:31]}
55. Nxc6+ {[%clk 0:28:31]} 55... Kd7 {[%clk 0:09:30]} 56. Nb4 {[%clk 0:28:37]}
56... h5 {[%clk 0:07:57]} 57. Ne3 {[%clk 0:28:05]} 57... Bd4 {[%clk 0:06:43]}
58. Nd3 {[%clk 0:26:22]} 58... Ke6 {[%clk 0:06:52]} 59. Ng2 {[%clk 0:23:18]}
59... Bxe5 {[%clk 0:06:56]} 60. Ngf4+ {[%clk 0:23:17]} 60... Bxf4 { [%clk
0:06:49]} 61. Nxf4+ {[%clk 0:23:43]} 61... Kf5 {[%clk 0:07:10]} 62. Nd3 { [%clk
0:24:07]} 62... Nb6 {[%clk 0:07:04]} 63. c5 {[%clk 0:24:11]} 63... Nd5 { [%clk
0:06:30]} 64. c6 {[%clk 0:23:49]} 64... Ke6 {[%clk 0:02:58]} 65. Kf3 { [%clk
0:23:14]} 65... g5 {[%clk 0:02:59]} 66. Ke4 {[%clk 0:23:25]} 66... Nc7 { [%clk
0:02:07]} 67. Nb4 {[%clk 0:23:28]} 67... g4 {[%clk 0:00:31]} 68. Kf4 { [%clk
0:23:44]} 68... Kf6 {[%clk 0:00:53]} 69. Nd3 {[%clk 0:20:40]} 69... Nd5+ {[%clk
0:00:36]} 70. Kg3 {[%clk 0:20:58]} 70... Kg5 {[%clk 0:00:39]} 71. Kf2 { [%clk
0:21:02]} 71... h4 {[%clk 0:00:43]} 72. Kg2 {[%clk 0:20:05]} 1/2-1/2

[Event "DEM U16w 2018"]
[Site "Willingen GER"]
[Date "2018.05.22"]
[Round "4"]
[White "Gauchel, Verena"]
[Black "Fock, Amina"]
[Result "0-1"]
[Termination "normal"]
[Board "7"]
[WhiteElo "1502"]
[BlackElo "1789"]
[WhiteClock "00:09:33"]
[BlackClock "00:28:52"]
[PlyCount "118"]
[WhiteFideId "12988537"]
[BlackFideId "12981982"]
[EventCountry "GER"]
[EventRounds "9"]
[EventType "swiss"]
[EventDate "2018.05.19"]

1. d4 {[%clk 1:30:59]} 1... f5 {[%clk 1:30:55]} 2. Bg5 {[%clk 1:31:21]} 2...
Nf6 {[%clk 1:31:13]} 3. Bxf6 {[%clk 1:31:23]} 3... exf6 {[%clk 1:31:37]} 4. e3
{[%clk 1:31:20]} 4... g6 {[%clk 1:29:25]} 5. Nc3 {[%clk 1:29:14]} 5... d5 {
[%clk 1:27:54]} 6. Bd3 {[%clk 1:27:04]} 6... c6 {[%clk 1:25:16]} 7. Nge2 {
[%clk 1:21:28]} 7... Bd6 {[%clk 1:20:38]} 8. Qd2 {[%clk 1:17:51]} 8... Qe7 {
[%clk 1:16:44]} 9. a3 {[%clk 1:13:19]} 9... a5 {[%clk 1:14:32]} 10. Na4 { [%clk
1:00:07]} 10... Nd7 {[%clk 1:13:01]} 11. h4 {[%clk 0:50:58]} 11... b5 { [%clk
1:06:47]} 12. Nac3 {[%clk 0:50:22]} 12... Nb6 {[%clk 1:04:41]} 13. Na2 { [%clk
0:42:00]} 13... Nc4 {[%clk 1:01:43]} 14. Bxc4 {[%clk 0:39:17]} 14... dxc4
{[%clk 1:02:02]} 15. Nac3 {[%clk 0:36:41]} 15... Ba6 {[%clk 0:55:56]} 16. Na2 {
[%clk 0:28:44]} 16... Bb7 {[%clk 0:53:03]} 17. Nac3 {[%clk 0:25:42]} 17... b4 {
[%clk 0:48:18]} 18. axb4 {[%clk 0:24:24]} 18... axb4 {[%clk 0:47:33]} 19. Rxa8+
{[%clk 0:24:15]} 19... Bxa8 {[%clk 0:47:58]} 20. Na4 {[%clk 0:18:40]} 20... Qa7
{[%clk 0:44:28]} 21. b3 {[%clk 0:18:10]} 21... Kf7 {[%clk 0:44:20]} 22. O-O {
[%clk 0:17:29]} 22... Rd8 {[%clk 0:41:38]} 23. Ra1 {[%clk 0:14:57]} 23... c5 {
[%clk 0:39:33]} 24. Qe1 {[%clk 0:12:50]} 24... Qb7 {[%clk 0:38:02]} 25. Qf1 {
[%clk 0:11:55]} 25... cxb3 {[%clk 0:34:26]} 26. cxb3 {[%clk 0:10:31]} 26...
cxd4 {[%clk 0:30:36]} 27. Nxd4 {[%clk 0:10:52]} 27... Rc8 {[%clk 0:30:07]} 28.
Nf3 {[%clk 0:10:10]} 28... f4 {[%clk 0:27:23]} 29. exf4 {[%clk 0:09:45]} 29...
Bxf4 {[%clk 0:27:46]} 30. Rd1 {[%clk 0:06:30]} 30... Be5 {[%clk 0:23:39]} 31.
Nxe5+ {[%clk 0:05:44]} 31... fxe5 {[%clk 0:24:04]} 32. f3 {[%clk 0:05:57]}
32... Qa7+ {[%clk 0:20:27]} 33. Kh2 {[%clk 0:05:52]} 33... Qe7 {[%clk 0:19:02]}
34. g3 {[%clk 0:05:07]} 34... Rc2+ {[%clk 0:18:49]} 35. Kh3 {[%clk 0:04:21]}
35... Qe6+ {[%clk 0:16:58]} 36. g4 {[%clk 0:04:37]} 36... Qxb3 {[%clk 0:16:57]}
37. Nb6 {[%clk 0:03:02]} 37... e4 {[%clk 0:14:30]} 38. Nxa8 {[%clk 0:02:47]}
38... Qxf3+ {[%clk 0:14:35]} 39. Qxf3+ {[%clk 0:03:08]} 39... exf3 { [%clk
0:15:01]} 40. Nb6 {[%clk 0:01:50]} 40... f2 {[%clk 0:12:55]} 41. Kg2 { [%clk
0:28:19]} 41... b3 {[%clk 0:41:31]} 42. Na4 {[%clk 0:27:58]} 42... Rc4 { [%clk
0:39:24]} 43. Nb2 {[%clk 0:25:31]} 43... Rxg4+ {[%clk 0:39:43]} 44. Kxf2 {[%clk
0:25:44]} 44... Rxh4 {[%clk 0:40:03]} 45. Kg3 {[%clk 0:25:59]} 45... Re4 {[%clk
0:37:58]} 46. Rd3 {[%clk 0:24:39]} 46... Rb4 {[%clk 0:38:13]} 47. Rd7+ { [%clk
0:24:09]} 47... Kg8 {[%clk 0:38:28]} 48. Rd8+ {[%clk 0:24:13]} 48... Kg7 {[%clk
0:38:51]} 49. Rd7+ {[%clk 0:23:43]} 49... Kh6 {[%clk 0:39:13]} 50. Rd2 { [%clk
0:21:41]} 50... g5 {[%clk 0:35:36]} 51. Rd6+ {[%clk 0:20:48]} 51... Kh5 { [%clk
0:34:42]} 52. Rd3 {[%clk 0:17:44]} 52... Rb6 {[%clk 0:33:23]} 53. Re3 { [%clk
0:16:34]} 53... Kg6 {[%clk 0:33:30]} 54. Kh3 {[%clk 0:14:43]} 54... h5 { [%clk
0:32:58]} 55. Rc3 {[%clk 0:12:34]} 55... h4 {[%clk 0:31:15]} 56. Rc4 { [%clk
0:11:53]} 56... Kh5 {[%clk 0:29:31]} 57. Rd4 {[%clk 0:10:20]} 57... Re6 { [%clk
0:28:21]} 58. Rd3 {[%clk 0:10:07]} 58... g4+ {[%clk 0:28:29]} 59. Kg2 { [%clk
0:09:33]} 59... Re2+ {[%clk 0:28:52]} 0-1